000 00596nam a2200229Ia 4500
003 OSt
005 20221006164715.0
006 a|||||r|||| 00| 0
007 ta
008 221006b |||||||| |||| 00| 0 eng d
024 _a2,822
037 _cAnnuals, Advances
040 _aFML
_cFML
_beng
041 _2eng
_aeng
082 _aNT42, K0
100 _aScott A C Au.
_9678153
245 0 _aThe Kabuki Theatre of Japan
260 _aNew York
_bCollies
_c1966
300 _a319
_ccm.
942 _hNT42, K0
_cREF
_2CC
999 _c1118182
_d1118182